Fundamentos para una teoría general de los deberes

Salvato in:
Dettagli Bibliografici
Autore principale: Alchourrón, Carlos E (Autore)
Natura: Libro
Lingua:spagnolo
Pubblicazione: Madrid Marcial Pons 2010
Serie:Filosofía y Derecho
Soggetti:
Tags: Aggiungi Tag
Nessun Tag, puoi essere il primo ad aggiungerne!!

MARC

LEADER 00000cam a2200000 a 4500
001 UCG9125
003 CL-VaPUC
008 120120e20100000SP |||||||||||||||||spa|d
020 |a 9788497687485 
082 0 4 |a 160  |b ALC  |2 21 
100 0 |a Alchourrón, Carlos E  |e author  |9 560530 
245 1 0 |a Fundamentos para una teoría general de los deberes 
300 |a 179 p 
942 |c BK 
945 |d 20120120 00:00:00  |a dcastane 
260 |a Madrid  |b Marcial Pons  |c 2010 
650 0 |a Lógica  |9 256849 
650 0 |a Filosofía del derecho   |9 255050 
583 |a last modification  |c 20120120 10:38:00  |k Rodrigo Vera 
490 0 |a Filosofía y Derecho 
999 |c 346693  |d 346691 
952 |0 0  |1 0  |4 0  |6 160_000000000000000_ALC_2010  |7 0  |8 A  |9 447496  |a BIBDER  |b BIBDER  |d 2019-11-22  |i 4833767  |o 160 ALC 2010  |p 4833767  |r 2023-01-25  |w 2019-11-22  |y BK  |k DER